La economía mundial y el imperialismo

Saved in:
Bibliografiske detaljer
Hovedforfatter: Bujarin, Nicolai I (Author)
Format: Bog
Sprog:spansk
Udgivet: Córdoba Pasado y Presente 1971
Udgivelse:1a. ed
Serier:Cuadernos de Pasado y Presente, 21
Fag:
Tags: Tilføj Tag
Ingen Tags, Vær først til at tagge denne postø!

MARC

LEADER 00000cam a2200000 a 4500
001 UCD2919
003 CL-VaPUC
008 160520e19710000ag |||||||||||||||||spa|d
082 0 4 |a 330.1  |b BUJ  |2 21 
100 0 |a Bujarin, Nicolai I  |e author  |9 586321 
245 1 3 |a La economía mundial y el imperialismo 
250 |a 1a. ed 
300 |a 224 p 
942 |c BK 
945 |d 20160520 11:34:00  |a dcastane 
260 |a Córdoba  |b Pasado y Presente  |c 1971 
650 0 |a Economía internacional  |9 258254 
650 7 |a SISTEMAS ECONOMICOS  |2 CL-VaPUC  |9 586322 
650 7 |a ECONOMIA MUNDIAL  |2 CL-VaPUC  |9 586323 
583 |a last modification  |c 20160520 11:34:00  |k Rodrigo Vera 
490 0 |a Cuadernos de Pasado y Presente, 21 
999 |c 364028  |d 364026 
952 |0 0  |1 0  |3 erb  |4 0  |6 330_100000000000000_BUJ_1971  |7 0  |8 A  |9 476938  |a FDOHBE  |b FDOHBE  |e Huesbe Llanos, Marco Antonio, 1934-  |i 5304768  |o 330.1 BUJ 1971  |p 5304768  |r 2024-01-30  |w 2019-11-24  |y BK  |z Catalogado en:20160520  |k HBE